00234nam a2200097Ia 4500008004100000100003300041245003300074260001000107260001100117300000800128201214s9999 xx 000 0 und d aWorsig, G. and Nevelling, V. 0aTerminology of Documentation aParis bUNESCO a274